000 00462nam a2200169 a 4500
001 7213
003 CO-ViMGA
008 141112s2004 ck r 000 u spa d
040 _aCO-ViMGA
_bspa
_cCO-ViMGA
082 0 4 _a304.2 V153
100 1 _aValencia Iragurri, María Alejandra
_96352
245 1 0 _aEl delito ecológico en el derecho penal
260 _aIbague :
_bForum Pacis,
_c1996
300 _a114 p
650 1 4 _aECOLOGIA - DELITOS
_96353
942 _2ddc
_cBK
999 _c19172
_d19172